Normal view
MARC view
- Food
Entry Topical Term
001 - CONTROL NUMBER
- control field: 5569
003 - CONTROL NUMBER IDENTIFIER
- control field: OSt
005 - DATE AND TIME OF LATEST TRANSACTION
- control field: 20170517145605.0
008 - FIXED-LENGTH DATA ELEMENTS
- fixed length control field: 170517|| aca||aabn | a|a d
040 ## - CATALOGING SOURCE
- Original cataloging agency: OSt
- Transcribing agency: OSt
150 ## - HEADING--TOPICAL TERM
- Topical term or geographic name entry element: Food
- General subdivision: Safety measures
670 ## - SOURCE DATA FOUND
- Source citation: Work cat.: (OSt)0: Malaysia. Jabatan Standard 5568, Good manufacturing practice (GMP) for processing raw - unclean and raw - clean edible - birdnest (ENB) /, 2010

PORTAL AKMAL
E-MEL JKDM
AKMAL2U
G-BAM
u-PUSTAKA